| 000 | 00461nam a2200157 i 4500 | ||
|---|---|---|---|
| 001 | 146796 | ||
| 003 | ES-MaACL | ||
| 005 | 20230906201656.0 | ||
| 007 | t| | ||
| 008 | 070917s1965 sp ||||1| spa d | ||
| 100 | 1 |
_aTrujillo Armas, Antonio Jesús. _9111569 |
|
| 245 | 1 | 0 |
_aSiluetas _b: prosa / _cAntonio Jesús Trujillo Armas. |
| 260 |
_aSanta Cruz de la Palma : _bTip. Santos, _c1965. |
||
| 300 |
_a69 p. ; _c21 cm. |
||
| 852 |
_aES-MaACL _jC-28051 _bR.57323 |
||
| 999 |
_c146796 _d146796 |
||